{"text_format":"2","workbook":"xlsx","n_sheets":2,"sheets":["packing","Sheet"],"not_rendered":{"charts":0,"images":0,"macros":0,"external_links":0,"defined_names":1,"comments":0,"pivot_tables":0},"unopened":[],"bounds":{"document_bytes":16777216,"sheet_cells":100000,"run_cost":"one","rows_first":2000,"rows_last":500,"rows_between":2000,"halvings":0,"cell_chars":16384,"cell_head_chars":4096},"cells_cut":0,"cells_raw":0,"read":"whole","date_system":"1900"}

{"sheet":"packing","index":0,"n_rows":106,"n_cols":25,"rows_kept":106,"cut":false,"hidden":false,"merged":[]}
["DATA","FURNIZOR","CF","CountryOfOrigin","EXP","DeliveryTermsCode","ACode","Bcode","TransportCode","INVNR","VSCODE","NAME","GROUP","UM","Q","PRICE","NETWEIGHT","NETVALUE","SUPPL","SUPPLVALUE","Ppacking","Spacking","Paper","Plastic","Wooden"]
["2023-06-08","ARAGORN LTD","BG115788778","CN","BG","EXW",1,1.1,3,null,"48025700","HARTIE TRANSFER TRANSJET IND 100g (1.62x120m)",null,"ROLL",24,293.93,661.92,7054.39,null,null,0,82.08]
["2023-06-12","ATLAS DIGITAL SA","EL094154295","JP","GR","EXW",1,1.1,3,null,"84433900","ROLAND LG-640 8-COLOR UV PRINTER 64\", Incl. Take-Up",null,"Buc",1,90349.56,94,90349.56,null,null,0,32]
["2023-06-12","ATLAS DIGITAL SA","EL094154295","JP","GR","EXW",1,1.1,3,null,"84433900","ROLAND UG-641 UV PRINTER-CUTTER 64\"",null,"Buc",1,51912,94,51912,null,null,0,32]
["2023-06-12","ATLAS DIGITAL SA","EL094154295","JP","GR","EXW",1,1.1,3,null,"32151100","ROLAND EUV4 BK",null,"Buc",11,302.4,5.17,3326.4,null,null,1.65,4.18]
["2023-06-12","ATLAS DIGITAL SA","EL094154295","JP","GR","EXW",1,1.1,3,null,"32151100","ROLAND TE2 INK BK 750cc",null,"Buc",3,287.28,5.13,861.84,null,null,0.51,0.36]
["2023-06-12","ATLAS DIGITAL SA","EL094154295","JP","GR","EXW",1,1.1,3,null,"84439990","ROLAND ASSY,HEAD INKJET VS-640",null,"Buc",1,7333.2,0,7333.2,null,null,0,0]
["2023-06-12","ATLAS DIGITAL SA","EL094154295","JP","GR","EXW",1,1.1,3,null,"84439990","ROLAND ASSY,HEAD INKJET SOL XC-540 SV2",null,"Buc",2,2273.04,0,4546.08,null,null,0,0]
["2023-06-12","ATLAS DIGITAL SA","EL094154295","JP","GR","EXW",1,1.1,3,null,"84439990","ROLAND ASSY,HEAD INKJET SV LEF2-300",null,"Buc",1,2585.52,0,2585.52,null,null,0,0]
["2023-06-12","ATLAS DIGITAL SA","EL094154295","JP","GR","EXW",1,1.1,3,null,"32151900","ROLAND TE2 INK YE 500cc",null,"Buc",12,206.64,8.52,2479.68,null,null,2.04,1.44]
["2023-06-12","ATLAS DIGITAL SA","EL094154295","JP","GR","EXW",1,1.1,3,null,"32151100","ROLAND ESL3-440 BK",null,"Buc",3,398.16,1.86,1194.48,null,null,0.75,0.39]
["2023-06-12","ATLAS DIGITAL SA","EL094154295","JP","GR","EXW",1,1.1,3,null,"34029090","ROLAND TR2 CLEANING LIQUID_2 500cc",null,"Buc",6,226.8,4.26,1360.8,null,null,1.02,0.72]
["2023-06-12","ATLAS DIGITAL SA","EL094154295","JP","GR","EXW",1,1.1,3,null,"32151900","ROLAND TE2 INK YE 750cc",null,"Buc",5,287.28,8.550000000000001,1436.4,null,null,0.8500000000000001,0.6]
["2023-06-12","ATLAS DIGITAL SA","EL094154295","JP","GR","EXW",1,1.1,3,null,"32151900","ROLAND MAX2 ESL4-440 CY",null,"Buc",2,398.16,1.24,796.3200000000001,null,null,0.5,0.26]
["2023-06-12","ATLAS DIGITAL SA","EL094154295","JP","GR","EXW",1,1.1,3,null,"32151900","ROLAND ESL3-440 MG",null,"Buc",2,398.16,1.24,796.3200000000001,null,null,0.5,0.26]
["2023-06-12","ATLAS DIGITAL SA","EL094154295","JP","GR","EXW",1,1.1,3,null,84439990,"ROLAND RIVET SET,NYLON P2655B",null,"Buc",1,42.59,0,42.59,null,null,0,0]
["2023-06-12","ATLAS DIGITAL SA","EL094154295","JP","GR","EXW",1,1.1,3,null,"32151900","ROLAND UV PRIMER GLASS CMR-747 (1000 ml)",null,"Buc",1,211.68,0.68,211.68,null,null,0.12,0.2]
["2023-06-12","ATLAS DIGITAL SA","EL094154295","JP","GR","EXW",1,1.1,3,null,"84439990","ROLAND ASSY,CAP-TOP SV CG2076",null,"Buc",2,216.22,0,432.43,null,null,0,0]
["2023-06-12","ATLAS DIGITAL SA","EL094154295","JP","GR","EXW",1,1.1,3,null,"84439990","ROLAND ASSY,SCAN MOTOR SJ-1045",null,"Buc",1,2450.45,0,2450.45,null,null,0,0]
["2023-06-12","ATLAS DIGITAL SA","EL094154295","JP","GR","EXW",1,1.1,3,null,"84439990","ROLAND ADAPTER,JOINT 3L CG2023",null,"Buc",9,7.21,0,64.86,null,null,0,0]
["2023-06-12","ATLAS DIGITAL SA","EL094154295","JP","GR","EXW",1,1.1,3,null,"84439990","ROLAND DAMPER,INK VS-640_1",null,"Buc",6,278.46,0,1670.76,null,null,0,0]
["2023-06-12","ATLAS DIGITAL SA","EL094154295","JP","GR","EXW",1,1.1,3,null,"32151900","ROLAND EUV4 YE",null,"Buc",7,302.4,3.29,2116.8,null,null,1.05,2.66]
["2023-06-16","ATLAS DIGITAL SA","EL094154295","JP","GR","EXW",1,1.1,3,null,"84439990","ROLAND COLLET YCC10-6, DIA 6.0-5.0 FOR NDC10",null,"Buc",6,418.32,0,2509.92,null,null,0,0]
["2023-06-16","ATLAS DIGITAL SA","EL094154295","JP","GR","EXW",1,1.1,3,null,"84439990","ROLAND CUTTING BLADE ZEC-U5022 55°/0.25, 2pcs",null,"Buc",10,167.08,0,1670.76,null,null,0,0]
["2023-06-16","ATLAS DIGITAL SA","EL094154295","JP","GR","EXW",1,1.1,3,null,"32151900","ROLAND MAX2 ESL4-440 CY",null,"Buc",1,398.16,0.62,398.16,null,null,0.25,0.13]
["2023-06-16","ATLAS DIGITAL SA","EL094154295","JP","GR","EXW",1,1.1,3,null,"32151900","ROLAND MAX2 ESL4-440 MG",null,"Buc",1,398.16,0.62,398.16,null,null,0.25,0.13]
["2023-06-16","ATLAS DIGITAL SA","EL094154295","JP","GR","EXW",1,1.1,3,null,"32151900","ROLAND UV PRIMER GLASS CMR-747 (1000 ml)",null,"Buc",1,211.68,0.68,211.68,null,null,0.12,0.2]
["2023-06-16","ATLAS DIGITAL SA","EL094154295","JP","GR","EXW",1,1.1,3,null,"84439990","ROLAND ASSY,SCAN MOTOR RE-640_01",null,"Buc",1,1212.12,0,1212.12,null,null,0,0]
["2023-06-16","ATLAS DIGITAL SA","EL094154295","JP","GR","EXW",1,1.1,3,null,"32151900","ROLAND ESL3-440 LC",null,"Buc",2,398.16,1.24,796.3200000000001,null,null,0.5,0.26]
["2023-06-16","ATLAS DIGITAL SA","EL094154295","JP","GR","EXW",1,1.1,3,null,"84439990","ROLAND CUTTING BLADE ZEC-U3050 32°/0.75, 5pcs",null,"Buc",1,606.0599999999999,0,606.0599999999999,null,null,0,0]
["2023-06-20","ATLAS DIGITAL SA","EL094154295","JP","GR","EXW",1,1.1,3,null,"84439990","ROLAND ADAPTER,JOINT 3L CG2023",null,"Buc",1,7.21,0,7.21,null,null,0,0]
["2023-06-20","ATLAS DIGITAL SA","EL094154295","JP","GR","EXW",1,1.1,3,null,"32151900","ROLAND EUV4 YE",null,"Buc",4,302.4,1.88,1209.6,null,null,0.6,1.52]
["2023-06-20","ATLAS DIGITAL SA","EL094154295","JP","GR","EXW",1,1.1,3,null,"84439990","ROLAND ASSY,HEAD INKJET VS-640",null,"Buc",2,7333.2,0,14666.4,null,null,0,0]
["2023-06-20","ATLAS DIGITAL SA","EL094154295","JP","GR","EXW",1,1.1,3,null,"84439990","ROLAND ASSY,HEAD INKJET SOL XC-540 SV2",null,"Buc",2,2273.04,0,4546.08,null,null,0,0]
["2023-06-20","ATLAS DIGITAL SA","EL094154295","JP","GR","EXW",1,1.1,3,null,"84439990","ROLAND DAMPER,INK VS-640_1",null,"Buc",10,278.46,0,2784.6,null,null,0,0]
["2023-06-20","ATLAS DIGITAL SA","EL094154295","JP","GR","EXW",1,1.1,3,null,"34029090","ROLAND TR2 CLEANING LIQUID_2 500cc",null,"Buc",3,226.8,2.13,680.4,null,null,0.51,0.36]
["2023-06-20","ATLAS DIGITAL SA","EL094154295","JP","GR","EXW",1,1.1,3,null,"84439990","ROLAND ASSY,CAP-TOP VS-640_01",null,"Buc",6,229.32,0,1375.92,null,null,0,0]
["2023-06-20","ATLAS DIGITAL SA","EL094154295","JP","GR","EXW",1,1.1,3,null,"84439990","ROLAND ASSY,CAP-TOP 2 XC-540 (UV ink)",null,"Buc",10,137.59,0,1375.92,null,null,0,0]
["2023-06-20","ATLAS DIGITAL SA","EL094154295","JP","GR","EXW",1,1.1,3,null,"84439990","ROLAND PLATE,CLAMP MEDIA R BN-20",null,"Buc",1,49.14,0,49.14,null,null,0,0]
["2023-06-20","ATLAS DIGITAL SA","EL094154295","JP","GR","EXW",1,1.1,3,null,"84439990","ROLAND PLATE,CLAMP MEDIA L BN-20",null,"Buc",1,49.14,0,49.14,null,null,0,0]
["2023-06-20","ATLAS DIGITAL SA","EL094154295","JP","GR","EXW",1,1.1,3,null,"84439990","ROLAND PAD,MEDIA SPRING BN-20",null,"Buc",2,2.62,0,5.24,null,null,0,0]
["2023-06-20","ATLAS DIGITAL SA","EL094154295","JP","GR","EXW",1,1.1,3,null,"84439990","ROLAND CUTTING BLADE ZEC-U5025 50°/0.25, 5pcs",null,"Buc",2,606.0599999999999,0,1212.12,null,null,0,0]
["2023-06-20","ATLAS DIGITAL SA","EL094154295","JP","GR","EXW",1,1.1,3,null,"84439990","ROLAND SLIDER,GUIDE FLANGE BN-20",null,"Buc",2,24.6,0,49.19,null,null,0,0]
["2023-06-30","ATLAS DIGITAL SA","EL094154295","JP","GR","EXW",1,1.1,3,null,"32151900","ROLAND TE2 INK YE 500cc",null,"Buc",20,206.64,14.2,4132.8,null,null,3.4,2.4]
["2023-06-30","ATLAS DIGITAL SA","EL094154295","JP","GR","EXW",1,1.1,3,null,"32151100","ROLAND TE2 INK BK 750cc",null,"Buc",20,287.28,34.2,5745.6,null,null,3.4,2.4]
["2023-06-30","ATLAS DIGITAL SA","EL094154295","JP","GR","EXW",1,1.1,3,null,"32151900","ROLAND EUV4 YE",null,"Buc",25,302.4,11.75,7560,null,null,3.75,9.5]
["2023-06-30","ATLAS DIGITAL SA","EL094154295","JP","GR","EXW",1,1.1,3,null,"32151900","ROLAND EUV4 WH",null,"Buc",75,302.4,35.25,22680,null,null,11.25,28.5]
["2023-06-30","ATLAS DIGITAL SA","EL094154295","JP","GR","EXW",1,1.1,3,null,"32151900","ROLAND EUV4 MG",null,"Buc",50,302.4,23.5,15120,null,null,7.5,19]
["2023-06-30","ATLAS DIGITAL SA","EL094154295","JP","GR","EXW",1,1.1,3,null,"32151900","ROLAND EUV4 GL",null,"Buc",25,302.4,11.75,7560,null,null,3.75,9.5]
["2023-06-30","ATLAS DIGITAL SA","EL094154295","JP","GR","EXW",1,1.1,3,null,"32151900","ROLAND EUV4 CY",null,"Buc",25,302.4,11.75,7560,null,null,3.75,9.5]
["2023-06-30","ATLAS DIGITAL SA","EL094154295","JP","GR","EXW",1,1.1,3,null,"32151100","ROLAND EUV4 BK",null,"Buc",25,302.4,11.75,7560,null,null,3.75,9.5]
["2023-06-30","ATLAS DIGITAL SA","EL094154295","JP","GR","EXW",1,1.1,3,null,"32151100","ROLAND ESL3-440 BK",null,"Buc",3,398.16,1.86,1194.48,null,null,0.75,0.39]
["2023-06-30","ATLAS DIGITAL SA","EL094154295","JP","GR","EXW",1,1.1,3,null,"32151900","ROLAND EUV4 YE",null,"Buc",4,302.4,1.88,1209.6,null,null,0.6,1.52]
["2023-06-30","ATLAS DIGITAL SA","EL094154295","JP","GR","EXW",1,1.1,3,null,"84439990","ROLAND PLATE,CLAMP MEDIA R BN-20",null,"Buc",1,49.14,0,49.14,null,null,0,0]
["2023-06-30","ATLAS DIGITAL SA","EL094154295","JP","GR","EXW",1,1.1,3,null,"84439990","ROLAND PLATE,CLAMP MEDIA L BN-20",null,"Buc",1,49.14,0,49.14,null,null,0,0]
["2023-06-30","ATLAS DIGITAL SA","EL094154295","JP","GR","EXW",1,1.1,3,null,"84439990","ROLAND SHEET,CLAMP MEDIA BN-20",null,"Buc",4,7.21,0,28.83,null,null,0,0]
["2023-06-30","ATLAS DIGITAL SA","EL094154295","JP","GR","EXW",1,1.1,3,null,"84439990","ROLAND PAD,MEDIA SPRING BN-20",null,"Buc",2,2.62,0,5.24,null,null,0,0]
["2023-06-30","ATLAS DIGITAL SA","EL094154295","JP","GR","EXW",1,1.1,3,null,"84439990","ROLAND CABLE-CARD,36P1 3200L BB HIGH-V",null,"Buc",4,255.53,0,1022.11,null,null,0,0]
["2023-06-30","ATLAS DIGITAL SA","EL094154295","JP","GR","EXW",1,1.1,3,null,"32151900","ROLAND ESL3-440 YE",null,"Buc",4,398.16,2.48,1592.64,null,null,1,0.52]
["2023-06-30","ATLAS DIGITAL SA","EL094154295","JP","GR","EXW",1,1.1,3,null,"32151100","ROLAND ESL3-440 BK",null,"Buc",3,398.16,1.86,1194.48,null,null,0.75,0.39]
["2023-06-30","ATLAS DIGITAL SA","EL094154295","JP","GR","EXW",1,1.1,3,null,"32151900","ROLAND ESL3-440 CY",null,"Buc",3,398.16,1.5,1194.48,null,null,0.75,0.75]
["2023-06-30","ATLAS DIGITAL SA","EL094154295","JP","GR","EXW",1,1.1,3,null,"34029090","ROLAND TR2 CLEANING LIQUID_2 500cc",null,"Buc",4,226.8,2.84,907.2,null,null,0.68,0.48]
["2023-06-30","ATLAS DIGITAL SA","EL094154295","JP","GR","EXW",1,1.1,3,null,"32151900","ROLAND ESL3-440 MG",null,"Buc",3,398.16,1.86,1194.48,null,null,0.75,0.39]
["2023-06-30","ATLAS DIGITAL SA","EL094154295","JP","GR","EXW",1,1.1,3,null,"84439990","ROLAND WIPER,HEAD VS-640/XR-640",null,"Buc",6,78.62,0,471.74,null,null,0,0]
["2023-06-30","ATLAS DIGITAL SA","EL094154295","JP","GR","EXW",1,1.1,3,null,"84439990","ROLAND CABLE-CARD,21P1 330L BB",null,"Buc",3,20.97,0,62.9,null,null,0,0]
["2023-06-30","ATLAS DIGITAL SA","EL094154295","JP","GR","EXW",1,1.1,3,null,"84439990","ROLAND PAD,CLEANER D VG-640TH",null,"Buc",3,72.06999999999999,0,216.22,null,null,0,0]
["2023-06-30","ATLAS DIGITAL SA","EL094154295","JP","GR","EXW",1,1.1,3,null,"32151900","ROLAND EUV5 INK GL 500cc",null,"Buc",1,453.6,0.62,453.6,null,null,0.25,0.13]
["2023-06-30","ATLAS DIGITAL SA","EL094154295","JP","GR","EXW",1,1.1,3,null,"84439990","ROLAND CABLE-CARD,29P1 390L BB HIGH-V",null,"Buc",2,104.83,0,209.66,null,null,0,0]
["2023-06-30","ATLAS DIGITAL SA","EL094154295","JP","GR","EXW",1,1.1,3,null,"84439990","ROLAND ASSY,PRESS PUMP SUB SV2 CG2125",null,"Buc",6,271.91,0,1631.45,null,null,0,0]
["2023-06-30","ATLAS DIGITAL SA","EL094154295","JP","GR","EXW",1,1.1,3,null,"84439990","ROLAND P-ROLLER,TD16S4(B10) TYPE2-2 (EXT)",null,"Buc",6,137.59,0,825.55,null,null,0,0]
["2023-06-30","ATLAS DIGITAL SA","EL094154295","JP","GR","EXW",1,1.1,3,null,"32151100","ROLAND TA RESIN INK POUCH BK 700cc",null,"Buc",1,563.22,1.71,563.22,null,null,0.17,0.12]
["2023-06-30","ATLAS DIGITAL SA","EL094154295","JP","GR","EXW",1,1.1,3,null,"32151900","ROLAND TA RESIN INK POUCH CY 700cc",null,"Buc",1,563.22,1.71,563.22,null,null,0.17,0.12]
["2023-06-30","ATLAS DIGITAL SA","EL094154295","JP","GR","EXW",1,1.1,3,null,"32151900","ROLAND TA RESIN INK POUCH MG 700cc",null,"Buc",1,563.22,1.71,563.22,null,null,0.17,0.12]
["2023-06-30","ATLAS DIGITAL SA","EL094154295","JP","GR","EXW",1,1.1,3,null,"32151900","ROLAND TA RESIN INK POUCH YE 700cc",null,"Buc",1,563.22,1.71,563.22,null,null,0.17,0.12]
["2023-06-30","ATLAS DIGITAL SA","EL094154295","JP","GR","EXW",1,1.1,3,null,"32151900","ROLAND TA RESIN INK POUCH OPTIMIZER 700cc",null,"Buc",1,563.22,1.71,563.22,null,null,0.17,0.12]
["2023-06-30","ATLAS DIGITAL SA","EL094154295","JP","GR","EXW",1,1.1,3,null,"84439990","ROLAND DAMPER,INK VS-640_1",null,"Buc",4,278.46,0,1113.84,null,null,0,0]
["2023-06-30","ATLAS DIGITAL SA","EL094154295","JP","GR","EXW",1,1.1,3,null,"84439990","ROLAND ASSY,CAP-TOP VS-640_01",null,"Buc",2,229.32,0,458.64,null,null,0,0]
["2023-06-30","ATLAS DIGITAL SA","EL094154295","JP","GR","EXW",1,1.1,3,null,"84439990","ROLAND CABLE-CARD,21P1 385L BB HIGH-V",null,"Buc",5,88.45,0,442.26,null,null,0,0]
["2023-06-30","ATLAS DIGITAL SA","EL094154295","JP","GR","EXW",1,1.1,3,null,"84439990","ROLAND CUTTING BLADE ZEC-U5025 50°/0.25, 5pcs",null,"Buc",1,606.0599999999999,0,606.0599999999999,null,null,0,0]
["2023-06-30","ATLAS DIGITAL SA","EL094154295","JP","GR","EXW",1,1.1,3,null,"84439990","ROLAND ASSY,HEAD INKJET VS-640",null,"Buc",1,7333.2,0,7333.2,null,null,0,0]
["2023-06-01","BROTHER INT INDUSTRIEMASCHINEN GMBH","DE814895445","JP","DE","EXW",1,1.1,3,null,"32151900","BROTHER GTX INK MAGENTA 700cc",null,"Buc",12,735.89,16.2,8830.67,null,null,4.199999999999999,3.6]
["2023-06-01","BROTHER INT INDUSTRIEMASCHINEN GMBH","DE814895445","JP","DE","EXW",1,1.1,3,null,"32151900","BROTHER GTX INK YELLOW 700cc",null,"Buc",12,735.89,16.2,8830.67,null,null,4.199999999999999,3.6]
["2023-06-01","BROTHER INT INDUSTRIEMASCHINEN GMBH","DE814895445","JP","DE","EXW",1,1.1,3,null,"32151100","BROTHER GTX INK BLACK 700cc",null,"Buc",12,735.89,16.2,8830.67,null,null,4.199999999999999,3.6]
["2023-06-01","BROTHER INT INDUSTRIEMASCHINEN GMBH","DE814895445","JP","DE","EXW",1,1.1,3,null,"32151900","BROTHER GTX INK CYAN 700cc",null,"Buc",12,735.89,12.6,8830.67,null,null,2.4,3]
["2023-06-01","BROTHER INT INDUSTRIEMASCHINEN GMBH","DE814895445","JP","DE","EXW",1,1.1,3,null,"32151900","BROTHER GTX INK 1.8L YELLOW",null,"Buc",2,1380.74,8.4,2761.47,null,null,1.34,2]
["2023-06-01","BROTHER INT INDUSTRIEMASCHINEN GMBH","DE814895445","JP","DE","EXW",1,1.1,3,null,"32151100","BROTHER GTX INK 1.8L BLACK",null,"Buc",2,1380.74,4.2,2761.47,null,null,0.8,1]
["2023-06-01","BROTHER INT INDUSTRIEMASCHINEN GMBH","DE814895445","JP","DE","EXW",1,1.1,3,null,"32151900","BROTHER GTX INK 1.8L MAGENTA",null,"Buc",2,1380.74,4.2,2761.47,null,null,0.8,1]
["2023-06-01","BROTHER INT INDUSTRIEMASCHINEN GMBH","DE814895445","JP","DE","EXW",1,1.1,3,null,"34029090","BROTHER GTX GCX-4E05 CLEANING SOL. 5L",null,"Buc",4,535.7,16.4,2142.78,null,null,2.8,0.8]
["2023-06-01","BROTHER INT INDUSTRIEMASCHINEN GMBH","DE814895445","JP","DE","EXW",1,1.1,3,null,"84439990","BROTHER CAP RUBBER (GT3)",null,"Buc",10,21.13,0,211.26,null,null,0,0]
["2023-06-01","BROTHER INT INDUSTRIEMASCHINEN GMBH","DE814895445","JP","DE","EXW",1,1.1,3,null,"32151900","BROTHER GTX INK 1.8L CYAN",null,"Buc",1,1380.74,2.1,1380.74,null,null,0.4,0.5]
["2023-06-12","BROTHER INT INDUSTRIEMASCHINEN GMBH","DE814895445","JP","DE","EXW",1,1.1,3,null,"34029090","BROTHER GT-3 MAINT. SOL 5L",null,"Buc",4,431.42,15.52,1725.7,null,null,2.4,6.08]
["2023-06-12","BROTHER INT INDUSTRIEMASCHINEN GMBH","DE814895445","JP","DE","EXW",1,1.1,3,null,"32151900","BROTHER GT-3 INK WHITE 380cc (2 pcs)",null,"Buc",10,1048.32,23.5,10483.2,null,null,4,2.5]
["2023-06-12","BROTHER INT INDUSTRIEMASCHINEN GMBH","DE814895445","JP","DE","EXW",1,1.1,3,null,"32151100","BROTHER GT-3 INK BLACK 380cc",null,"Buc",6,624.46,6.300000000000001,3746.74,null,null,1.2,1.5]
["2023-06-12","BROTHER INT INDUSTRIEMASCHINEN GMBH","DE814895445","JP","DE","EXW",1,1.1,3,null,"32151900","BROTHER GT-3 INK MAGENTA 380cc",null,"Buc",4,624.46,4.2,2497.82,null,null,0.8,1]
["2023-06-12","BROTHER INT INDUSTRIEMASCHINEN GMBH","DE814895445","JP","DE","EXW",1,1.1,3,null,"32151900","BROTHER GT-3 INK YELLOW 380cc",null,"Buc",2,624.46,2.1,1248.91,null,null,0.4,0.5]
["2023-06-12","BROTHER INT INDUSTRIEMASCHINEN GMBH","DE814895445","JP","DE","EXW",1,1.1,3,null,"32151900","BROTHER GT-3 INK CYAN 380cc",null,"Buc",2,624.46,2.1,1248.91,null,null,0.4,0.5]
["2023-06-21","BROTHER INT INDUSTRIEMASCHINEN GMBH","DE814895445","JP","DE","EXW",1,1.1,3,null,"32151900","BROTHER GTX INK 18L WHITE (GTX BULK)",null,"Buc",1,8633.52,{"$f":"1.05*18","v":null},8633.52,null,null,{"$f":"0.2*18","v":null},{"$f":"0.25*18","v":null}]
["2023-06-22","BROTHER INT INDUSTRIEMASCHINEN GMBH","DE814895445","JP","DE","EXW",1,1.1,3,null,"32151900","BROTHER GTX INK WHITE 700cc (2 pcs)",null,"Buc",30,1234.4,87,37031.9,null,null,15,18]
["2023-06-22","BROTHER INT INDUSTRIEMASCHINEN GMBH","DE814895445","JP","DE","EXW",1,1.1,3,null,"32151900","BROTHER GT-3 INK YELLOW 380cc",null,"Buc",5,624.46,5.25,3122.28,null,null,1,1.25]
["2023-06-22","BROTHER INT INDUSTRIEMASCHINEN GMBH","DE814895445","JP","DE","EXW",1,1.1,3,null,"84439990","BROTHER WIPER CLEANER (GT3)",null,"Buc",10,70.56,0,705.6,null,null,0,0]
["2023-06-22","BROTHER INT INDUSTRIEMASCHINEN GMBH","DE814895445","JP","DE","EXW",1,1.1,3,null,"84439990","BROTHER FILTER FELT KIT (GT3)",null,"Set",4,96.77,0,387.07,null,null,0,0]
["2023-06-22","BROTHER INT INDUSTRIEMASCHINEN GMBH","DE814895445","JP","DE","EXW",1,1.1,3,null,"84439990","BROTHER FAN FILTER SET (GTX)",null,"Buc",10,14.11,0,141.12,null,null,0,0]
["2023-06-22","BROTHER INT INDUSTRIEMASCHINEN GMBH","DE814895445","JP","DE","EXW",1,1.1,3,null,"84439990","BROTHER MIST FAN FILTER SET (GTX6)",null,"Buc",1,702.0700000000001,0,702.0700000000001,null,null,0,0]
["2023-06-27","BROTHER INT INDUSTRIEMASCHINEN GMBH","DE814895445","JP","DE","EXW",1,1.1,3,null,"32151900","BROTHER GCX-6W18L WHITE 18L (GTX6)",null,"Buc",1,8633.52,{"$f":"1.05*18","v":null},8633.52,null,null,{"$f":"0.2*18","v":null},{"$f":"0.25*18","v":null}]
["2023-06-15","WALTER SCHULZE GMBH","DE136596684","DE","DE","EXW",1,1.1,3,null,"84439990","SCH ELECTRONIK ROM 6 PLUS",null,"Buc",1,676.62,0,676.62,null,null,0,0]
["2023-06-15","WALTER SCHULZE GMBH","DE136596684","DE","DE","EXW",1,1.1,3,null,"84439990","SCH DTF FILM PREMUIM, 0.4m x 100m ROLL",null,"Buc",4,455.11,0,1820.45,null,null,0,0]

{"sheet":"Sheet","index":1,"n_rows":0,"n_cols":0,"rows_kept":0,"cut":false,"hidden":false,"merged":[]}